Goteo - Duki - Estadísticas

Estadísticas generales
  • Esta prueba ha sido intentada 51 veces
  • La puntuación promedio es 224 de 292
Estadísticas de respuestas
Letra Respuesta % Correcto
la
100%
un
100%
a
96%
con
96%
Con
96%
Gucci
96%
me
96%
Me
96%
Nike
96%
nike
96%
que
96%
de
93%
estoy
93%
Estoy
93%
Goteo
93%
goteo
93%
las
93%
los
93%
puse
93%
short
93%
y
93%
lo
89%
no
89%
No
89%
pa
89%
pa'
89%
cadena
85%
ciudad
85%
el
85%
en
85%
soy
85%
mal
81%
nada
81%
para
81%
buzo
78%
cara
78%
mi
78%
Neo
78%
rockstar
78%
salir
78%
78%
se
78%
va
78%
ciego
74%
dejó
74%
humo
74%
ver
74%
volando
74%
club
70%
como
70%
creo
70%
Duko
70%
hora
70%
Lolla'
70%
Pre-estribillo Quiero
70%
Sigo
70%
veo
70%
yo
70%
hacer
67%
hizo
67%
iba
67%
Lola
67%
nuevo
67%
por
67%
'toy
67%
'Toy
67%
tumbando
67%
dedos
63%
dije
63%
dólar
63%
donde
63%
dónde
63%
estar
63%
hay
63%
oro
63%
out
63%
Rolex
63%
shout
63%
Siempre
63%
Cartier
59%
eso
59%
están?
59%
les
59%
otra
59%
sus
59%
transpiro
59%
vez
59%
duplico
56%
gustaron
56%
reglas
56%
ex
52%
fue
52%
ir
52%
Madrid
52%
name
52%
subo
52%
vuelo
52%
am
48%
calma
48%
ella
48%
mil
48%
My
48%
pendiente'
48%
plata
48%
secuencias
48%
van
48%
6
44%
dormir
44%
Falta
44%
life
44%
Patek
44%
Phillipe
44%
pill
44%
Viven
44%
volvió
44%
igual
41%
otro
41%
tomo
41%
bad
37%
día
37%
toqué
37%
ay
33%
¿ustedes
11%
No se encontraron pruebas coincidentes
Distribución de puntuación
Porcentaje de gente con cada puntuación
Porcentaje por número respondido
Historial de tus puntuaciones
No has intentado esta prueba.